| 000 | 00734cam a2200241Ia 4500 | ||
|---|---|---|---|
| 020 | _a9784333020737 | ||
| 020 | _a4333020735 | ||
| 040 | _cBTCTA | ||
| 082 | 0 | 4 | _a333 KOS 2006 A018 Or. |
| 100 | 1 | _aMiyawaki, Akira, | |
| 245 | 1 | 4 |
_aThe healing power of forests : _bthe philosophy behind restoring Earth's balance with native trees / |
| 250 | _a1st ed | ||
| 260 |
_aTokyo : _bKosei Publishing Co., _c2006 |
||
| 300 |
_a286 p., [8] p. of plates : _bill. (some col.), maps ; _c21 cm |
||
| 650 | 0 | _aForests and forestry | |
| 650 | 0 | _aForest conservation | |
| 650 | 0 | _aForest management | |
| 650 | 0 | _aEnvironmental protection | |
| 650 | 0 | _aReforestation | |
| 650 | 0 | _aEndemic plants | |
| 700 | 1 | _aBox, Elgene Owen | |
| 942 | _cEK | ||
| 999 |
_c11995 _d11995 |
||